| 000 | 00504 a2200193 4500 | ||
|---|---|---|---|
| 001 | 065969 | ||
| 003 | OSt | ||
| 005 | 20251210145236.0 | ||
| 008 | |||
| 082 |
_a519.5 _bR18L |
||
| 100 | 1 | _aRao, C. Radhakrishan | |
| 245 | 1 |
_aLinear statistical inference and its applications _cBy C. Radhakrishan Rao |
|
| 250 | _a2nd ed. | ||
| 260 |
_aIndia _bWiley _c2006 |
||
| 300 | _a625p. | ||
| 500 | _aEnglish | ||
| 690 | _aMathematical statistics; Statistics | ||
| 942 |
_2ddc _cBK |
||
| 999 |
_c190 _d190 |
||